| 000 | 00545cam a22001814a 4500 | ||
|---|---|---|---|
| 005 | 20250605164243.0 | ||
| 008 | 250528s ||||||||||||||||||||||||d | ||
| 035 | _a21406 | ||
| 040 |
_aGR-AtMCL _bgre _dGR-AtMCL _eAACR2 |
||
| 245 | 1 | _aΤΕΧΝΙΚΗ ΤΩΝ ΣΥΝΑΛΛΑΓΩΝ ΤΕΥΧΟΣ Α | |
| 250 | _a6 | ||
| 260 |
_bInterbooks, _c1988 |
||
| 700 | 1 |
_aΣφακιανος Γρηγοριος Κωνστ _94340 |
|
| 700 | 1 |
_aΣφακιανος Κωνσταντινος Γρηγ _92485 |
|
| 942 | _cBK | ||
| 999 |
_c6469 _d6469 |
||